| 000 | 00547nam a2200205Ia 4500 | ||
|---|---|---|---|
| 003 | IIN | ||
| 005 | 20251124121612.0 | ||
| 008 | 231217s9999 xx 000 0 und d | ||
| 020 |
_cRs.850.00 _aNIL |
||
| 040 |
_aIIN _bEnglish |
||
| 082 |
_a616.075 _bBHA |
||
| 100 | 1 | _aBhattacharyya, T. N. | |
| 245 | 1 |
_aEssential Guide to Clinical Pathology _cby T.N. Bhattacharyya |
|
| 250 | _a12th ed | ||
| 260 |
_bAnanda Publishers _aKolkata _c2021 |
||
| 300 | _a[3];1-882p. | ||
| 500 | _aIncludes Index | ||
| 650 | 1 |
_aPathology _vClinical |
|
| 942 | _cBOOK | ||
| 999 |
_c1368 _d1368 |
||